ბათუმის შოთა რუსთაველის სახელმწიფო უნივერსიტეტის ბიბლიოთეკა

თეორიული მექანიკის კურსი. (ბიბ.ჩანაწერი № 43786)

000 -LEADER
fixed length control field 00863nam a2200265Ia 4500
001 - CONTROL NUMBER
control field 10531
003 - CONTROL NUMBER IDENTIFIER
control field GE_BSU
005 - DATE AND TIME OF LATEST TRANSACTION
control field 20211021113841.0
008 - FIXED-LENGTH DATA ELEMENTS--GENERAL INFORMATION
fixed length control field 181216s||||||||xx |||||||||||||| ||und||
020 ## - INTERNATIONAL STANDARD BOOK NUMBER
International Standard Book Number 9789941149504
040 ## - CATALOGING SOURCE
Transcribing agency GE_BSU
080 ## - UNIVERSAL DECIMAL CLASSIFICATION NUMBER
Universal Decimal Classification number 531(075.8)
100 ## - MAIN ENTRY--PERSONAL NAME
Personal name კვიციანი,ტ.
9 (RLIN) 12700
245 ## - TITLE STATEMENT
Title თეორიული მექანიკის კურსი.
245 ## - TITLE STATEMENT
Remainder of title სახელძღვანელო.
245 ## - TITLE STATEMENT
Statement of responsibility, etc. რედ. მ.აბაზაძე.
260 ## - PUBLICATION, DISTRIBUTION, ETC.
Place of publication, distribution, etc. თბ.
260 ## - PUBLICATION, DISTRIBUTION, ETC.
Name of publisher, distributor, etc. ტექნიკური უნივერსიტეტი.
260 ## - PUBLICATION, DISTRIBUTION, ETC.
Date of publication, distribution, etc. 2011.
300 ## - PHYSICAL DESCRIPTION
Extent 215გვ.; 20სმ.
300 ## - PHYSICAL DESCRIPTION
Accompanying material ნახ.; დიაგრამები.
653 ## - INDEX TERM--UNCONTROLLED
Uncontrolled term თეორიული მექანიკის კურსი.
942 ## - ADDED ENTRY ELEMENTS (KOHA)
Koha item type წიგნი
Source of classification or shelving scheme
ეგზემპლარები
Withdrawn status Lost status Damaged status Not for loan Date acquired Barcode Date last seen Price effective from Koha item type Public note Source of classification or shelving scheme Permanent Location Current Location Shelving location Cost, normal purchase price Full call number Copy number Materials specified (bound volume or other part)
        2018-12-17 34646 2018-12-17 2018-12-17 წიგნი ილია ჭავჭავაძის ბიბლიოთეკა                
        2018-12-17 34647 2018-12-17 2018-12-17 წიგნი ილია ჭავჭავაძის ბიბლიოთეკა                
        2018-12-17 34648 2018-12-17 2018-12-17 წიგნი საინჟინრო–ტექნ. ფაკულტეტის ბიბლ–ია                
        2018-12-17 34649 2018-12-17 2018-12-17 წიგნი საინჟინრო–ტექნ. ფაკულტეტის ბიბლ–ია                
        2018-12-17 34650 2018-12-17 2018-12-17 წიგნი საინჟინრო–ტექნ. ფაკულტეტის ბიბლ–ია                
        2018-12-17 34653 2018-12-17 2018-12-17 წიგნი საინჟინრო–ტექნ. ფაკულტეტის ბიბლ–ია                
        2018-12-17 34654 2018-12-17 2018-12-17 წიგნი საინჟინრო–ტექნ. ფაკულტეტის ბიბლ–ია                
        2018-12-17 34655 2018-12-17 2018-12-17 წიგნი საინჟინრო–ტექნ. ფაკულტეტის ბიბლ–ია                
        2018-12-17 34656 2018-12-17 2018-12-17 წიგნი საინჟინრო–ტექნ. ფაკულტეტის ბიბლ–ია                
        2018-12-17 34657 2018-12-17 2018-12-17 წიგნი საინჟინრო–ტექნ. ფაკულტეტის ბიბლ–ია                
        2018-12-17 34658 2018-12-17 2018-12-17 წიგნი საინჟინრო–ტექნ. ფაკულტეტის ბიბლ–ია                
        2018-12-17 34659 2018-12-17 2018-12-17 წიგნი საინჟინრო–ტექნ. ფაკულტეტის ბიბლ–ია                
        2018-12-17 34660 2018-12-17 2018-12-17 წიგნი საინჟინრო–ტექნ. ფაკულტეტის ბიბლ–ია                
        2018-12-17 34661 2018-12-17 2018-12-17 წიგნი საინჟინრო–ტექნ. ფაკულტეტის ბიბლ–ია                
        2018-12-17 34662 2018-12-17 2018-12-17 წიგნი საინჟინრო–ტექნ. ფაკულტეტის ბიბლ–ია                
        2018-12-17 34663 2018-12-17 2018-12-17 წიგნი საინჟინრო–ტექნ. ფაკულტეტის ბიბლ–ია                
        2018-12-17 34664 2018-12-17 2018-12-17 წიგნი საინჟინრო–ტექნ. ფაკულტეტის ბიბლ–ია                
        2018-12-17 34665 2018-12-17 2018-12-17 წიგნი საინჟინრო–ტექნ. ფაკულტეტის ბიბლ–ია                
        2018-12-17 34666 2018-12-17 2018-12-17 წიგნი საინჟინრო–ტექნ. ფაკულტეტის ბიბლ–ია                
        2018-12-17 34667 2018-12-17 2018-12-17 წიგნი საინჟინრო–ტექნ. ფაკულტეტის ბიბლ–ია                
        2018-12-17 34668 2018-12-17 2018-12-17 წიგნი საინჟინრო–ტექნ. ფაკულტეტის ბიბლ–ია                
        2018-12-17 34669 2018-12-17 2018-12-17 წიგნი საინჟინრო–ტექნ. ფაკულტეტის ბიბლ–ია                
        2018-12-17 34670 2018-12-17 2018-12-17 წიგნი საინჟინრო–ტექნ. ფაკულტეტის ბიბლ–ია                
        2018-12-17 34671 2018-12-17 2018-12-17 წიგნი საინჟინრო–ტექნ. ფაკულტეტის ბიბლ–ია                
        2018-12-17 34672 2018-12-17 2018-12-17 წიგნი საინჟინრო–ტექნ. ფაკულტეტის ბიბლ–ია                
        2018-12-17 34673 2018-12-17 2018-12-17 წიგნი საინჟინრო–ტექნ. ფაკულტეტის ბიბლ–ია                
        2018-12-17 34674 2018-12-17 2018-12-17 წიგნი საინჟინრო–ტექნ. ფაკულტეტის ბიბლ–ია                
        2018-12-17 34675 2018-12-17 2018-12-17 წიგნი საინჟინრო–ტექნ. ფაკულტეტის ბიბლ–ია                
        2018-12-17 34652 2018-12-17 2018-12-17 წიგნი 18 ლ.   ტექნოლოგიური ფაკულტეტის ბიბლიოთეკა ტექნოლოგიური ფაკულტეტის ბიბლიოთეკა წიგნსაცავი 18.00 531(075.8) კ–47 34352  
      არ გაიცემა 2022-04-26 34651 2022-04-26 2022-04-26 წიგნი 18 ლ.   ტექნოლოგიური ფაკულტეტის ბიბლიოთეკა ტექნოლოგიური ფაკულტეტის ბიბლიოთეკა წიგნსაცავი 18.00 531(075.8) 34651 აქტი # 1 20.03. 2022